000
00252nam a2200097Ia 4500
001
652673
005
20250826154443.0
008
250824s9999 xx 000 0 und d
245
0
_a
GANGA GÖKKUŞ DİZ
_c
GÜLTEN DAYIOĞLU
260
_b
ALTIN KİTAP YAYINLARI
999
_c
652673
_d
652673